00972nam a22002057a 45000010005000000030006000050050017000110080041000280200018000690400029000870820011001161000015001272450062001422600056002043000060002605050008003205200389003285210029007175210020007468465FISKH20260319151519.0250915b cb ||||| |||| 00| 0 eng d a9780007531066 aFISKHbengcFISKHdFISKH a793.73 aAnonymous  aWhere's Hello Kitty? :bFun in the city / cBy Anonymous  aLondon : bHarperCollins Children's Books , c2014. a30 unnumbered pgaes : bcolor illustrations ;c28 cm .  aJ  aCan you find Hello Kitty in the glamorous city locations? Hello Kitty is visiting London, Paris and New York but there are lots of lookalikes. Your task is to find the real Hello Kitty in every scene. It's harder than you think. Hours of entertainment will be had as you scan the pages looking for Hello Kitty and her friends! The latest in the bestselling Where's Hello Kitty series.8 a500 bLexile estimate 8 aJ bRaz-Plus